LEADER 01678nam a2200373 a 4500 001 000000127393 003 CaOOAMICUS 005 20120130115235.0 008 120130s2011 it o u001 u ita r 020 $a978-88-452-6830-4 040 $aPUL$bita 041 1 $aita$hspa 100 0 $aTheresia a Iesu,$cs.,$d1515-1582.$0(OLS)http://pul/name/20923 245 10$aTutte le opere /$cTeresa d'Avila ; saggio introduttivo, traduzione e note di Massimo Bettetini. 260 $aMilano :$bBompiani,$c©2011. 300 $aXLII, 2633 p., [4] c di tav. :$bfoto. ;$c22 cm 490 1 $aBompiani Il pensiero occidentale 504 $aContiene riferimenti bibliografici ed indici. 546 $aTesto spagnolo a fronte. 700 1 $aBettetini, Massimo.$0(OLS)http://pul/name/45271 700 1 $aPalpacelli, Lucia.$0(OLS)http://pul/name/72223 700 0 $aTeresa d'Avila,$bs.,$d1515-1582.$tOpera omnia.$0(OLS)http://pul/nameTitle/1569$0(OLS)http://pul/name/78801$0(OLS)http://pul/title/2415 830 0$aBompiani Il pensiero occidentale.$0(OLS)http://pul/title/99836 850 $aPUL 852 $aPUL$W1$xSL Filosofia 3$y81$m190 COLL 2.146$j185021$qDDC 21$B146012$CPULBib$Z2$F146012 $H118603 $81 900 $aTeresa d'Avila,$bs.,$d1515-1582.$920923 900 $aTeresa di Gesù,$cs.,$d1515-1582.$920923 900 $aTeresia a Iesu,$cs.,$d1515-1582$920923 941 1 $a10 983 3$aIl pensiero occidentale (Bompiani) 996 $6020$a978-88-452-6830-4$9(OLS)http://pul/number/148727 996 $6245$aTutte le opere$9(OLS)http://pul/title/71188 996 $6260$aMilano :$bBompiani$9(OLS)http://pul/publisher/48240 LEADER 01470nam a2200313 a 4500 001 000000175881 003 CaOOAMICUS 005 20230420162509.0 008 230420s2021 it u000 u por r 020 $z978-972-784-324-4* 032 $aLibriCat 040 $aPUL$bita 082 04$a261.52 100 1 $aCarbajo Núñez, Martín,$cO.F.M.$0(OLS)http://pul/name/51008 240 10$aSer franciscano en la era digital : los retos de la comunicacion y de la ecologia integral$lportoghese.$0(OLS)http://pul/title/217358 245 10$aSer franciscano na era digital :$bnovos desafios, nova vita /$cMartín Carbajo Núnes. 260 $aCastillo de Villamonte :$bEdiciones Franciscanas Arantzazu,$c©2022. 300 $a239 p. ;$c21 cm 504 $aBibliografia in nota. 650 4$aChiesa e società$ySec. XXI.$0(OLS)http://pul/subject/42644 650 4$aCristianesimo e media.$0(OLS)http://pul/subject/40615 850 $aPUL 852 $aPUL$W1$xSL Religione 3$y85$m261. 52 CARMA 1$j200046$qDDC 21$B204828$CPULBib$Z2$F204828 $H136185 $82 941 1 $a9 996 $6020$z978-972-784-324-4*$9(OLS)http://pul/number/169124 996 $6082$a261.52$9(OLS)http://pul/classification/2022 996 $6245$aSer franciscano na era digital :$bnovos desafios, nova vita$9(OLS)http://pul/title/217357 996 $6260$aCastillo de Villamonte :$bEdiciones Franciscanas Arantzazu$9(OLS)http://pul/publisher/87553